| 000 | 00642nam a2200193 i 4500 | ||
|---|---|---|---|
| 001 | 186767 | ||
| 003 | ES-MaACL | ||
| 005 | 20250708063343.0 | ||
| 008 | 170214s1910 sp |||| | spa d | ||
| 100 | 1 |
_aGálvez, Pedro Luis de, _d1882-1940 _953712 |
|
| 245 | 1 | 3 |
_aLa chica del tapicero / _cnovela de Pedro Luis de Gálvez ; ilustraciones de Pueyo. |
| 260 |
_aMadrid : _bLos Contemporáneos, _c1910. |
||
| 300 |
_a[20] p. : _bil. ; _c27 cm. |
||
| 490 | 1 |
_aLos contemporáneos ; _v72 |
|
| 700 | 1 |
_aPueyo, J. _9161712 |
|
| 830 | 0 |
_aLos contemporáneos ; _v72 _9185715 |
|
| 852 |
_aES-MaACL _jR-2598(17) |
||
| 999 |
_c186767 _d186767 |
||